000 01050nam0a22002411 4500
001 rc\178238
005 20260407060606.0
035 _a(NLR Aleph) 005438541
090 _a4732450
_c4732450
100 _a20030307d1992 |||y0rusy50 ca
101 0 _arus
102 _aRU
105 _ay |||||||||
200 1 _aПрименение лекарственных препаратов у больных с различной патологией внутренних органов
_e(Пособие для врачей)
_fМед. центр при Правительстве Рос. Федерации
_g[Сост. В.С. Гасилин и др.]
210 _aМ.
_cБ. и.
_d1992
215 _a42 с.
_d14х20
702 1 _aГасилин
_bВ.С.
_gВладимир Сергеевич
_4220
712 0 1 _aРоссийская Федерация
_bПравительство
_bМедицинский центр
_3RU\NLR\AUTH\8810027454
_9553350
801 0 _aRU
_bNLR
_gpsbo
801 1 _aRU
_bELAR
_2rusmarc
852 _aNLR
_j93-4/179
942 _cBOOK
980 _aNB